000 00429nam a2200169Ia 4500
003 GCL
008 140319s9999 xx 000 0 ara d
040 _aGCL /
_cGCL
082 0 4 _a813.02
_bح ت
245 1 0 _aتمبول الاول
490 _aتنابلة الصبيان
_v0
650 0 4 _aالادب
650 0 4 _aالقصة
650 0 4 _aادب الاطفال
650 0 4 _aالقصائد الدينية
942 _2ddc
_cBK
999 _c42822
_d42822